000 00406nam a2200169Ia 4500
008 230524s9999 xx 000 0 und d
082 _a620.1
_bRAJ
100 _aS.Rajsekharan
245 0 _aEngineering Mechanics
250 _a2ND
260 _aNEW DELHI
_bVikas
_c2003
300 _aXX;758
500 _aQuantity Number: 31
650 _aMechanics
700 _a G.Shankar Subramanyam
942 _cBK
999 _c11423
_d11423